Reprezentacja 100-lecia PZPN - Statystyki

Ogólne statystyki
  • Ten quiz został rozwiązany 58 razy
  • Średni wynik to 7 z 11
Statystyki odpowiedzi
Nr Piłkarz % Poprawnych
10. Robert Lewandowski
100%
9. Grzegorz Lato
87%
7. Kazimierz Deyna
87%
8. Zbigniew Boniek
85%
2. Łukasz Piszczek
73%
1. Józef Młynarczyk
60%
3. Władysław Żmuda
49%
11. Włodzimierz Lubański
47%
4. Jerzy Gorgoń
29%
6. Henryk Kasperczak
24%
5. Antoni Szymanowski
22%
Nie znaleziono quizów pasujących do podanych kryteriów
Rozkład punktacji
Procent ludzi z każdym wynikiem
Percentyl według liczby udzielonych odpowiedzi
Twoja historia wyników
Nie rozwiązałeś tego quizu